000 00644nam a2200217 a 4500
001 BRCA_1800
005 20190320203544.0
008 950308s1994 mx-a---##b---#000-0#spa-#
020 _a9688424382
040 _aDLC
_cDLC
050 4 _aNA5256.M6
_b.C66 1994
245 1 0 _aConventos coloniales de Morelos.
260 _aMéxico
_bInstituto de Cultura de Morelos
_c1994
300 _a282 p.
_bil. (algunas a color)
_c31 cm.
500 _aColección Sonia Corcuera de Mancera
504 _aBibliografía: p. 277-280
650 1 4 _aConventos
_zMéxico
_95609
650 1 4 _aArquitectura colonial
_zMéxico
_91940
902 _aDSC
942 _2lcc
_cB
999 _c1581
_d1581